|
|
|
|
| LEADER |
01116nam a2200289 a 4500 |
| 001 |
1143890 |
| 008 |
091007s2002 sz a i000 0 eng d |
| 040 |
|
|
|a DNLM
|c DNLM
|
| 082 |
0 |
0 |
|a 362.196/900681
|2 21
|
| 245 |
0 |
0 |
|a Scaling up the response to infectious diseases :
|b a way out of poverty.
|
| 260 |
|
|
|a Geneva :
|b World Health Organization,
|c 2002.
|
| 300 |
|
|
|a 101 p. :
|b ill.
|
| 500 |
|
|
|a Cover title.
|
| 500 |
|
|
|a "Report on infectious diseases 2002"--P. 2 of cover.
|
| 500 |
|
|
|a "WHO/CDS/2002.7."
|
| 530 |
|
|
|a Issued also online.
|
| 541 |
1 |
|
|e 00012641
|
| 650 |
1 |
2 |
|a Communicable Disease Control
|x economics
|
| 650 |
2 |
2 |
|a Health Services Accessibility
|x economics
|
| 650 |
2 |
2 |
|a Health Behavior
|
| 650 |
2 |
2 |
|a Health Resources
|x economics
|
| 650 |
2 |
2 |
|a Poverty
|
| 650 |
2 |
2 |
|a Developing Countries
|
| 710 |
2 |
|
|a World Health Organization.
|
| 852 |
4 |
|
|a Ayesha Abed Library
|j General Shelf.
|
| 999 |
|
|
|c 4351
|d 4351
|
| 952 |
|
|
|0 0
|1 0
|2 ddc
|4 0
|6 362_196900681000000_SCA
|7 0
|9 4045
|a BRACUL
|b BRACUL
|c GEN
|d 2009-10-10
|g 0.00
|l 0
|o 362.196900681 SCA
|p 3010012641
|r 2009-10-10
|t 1
|w 2009-10-10
|y BK
|x No price found in the accession register.
|